Barry (HBO) Trivia Quiz - Statistics

General Stats
  • This quiz has been taken 200 times
  • The average score is 6 of 15
Answer Stats
Hint Answer % Correct
What Does Noho Hank Send Via DHL? Bullet
88%
Who Plays Gene Cousineau? Henry Winkler
77%
What is Barry Berkman's Stage Name? Barry Block
76%
What Was Barry Before Becoming a Hitman? Marine
65%
What Country is Cristobal Sifuentes From? Bolivia
62%
What Play Does the Acting Class Perform? MacBeth
58%
What Are Barry's Final Words at the End of Season One? Starting Now
55%
What Does NoHo Hank Bring to a Hit? Lipstick Camera
37%
Who Flicked a Bird Out of the Sky with a Cigarette? Stovka
21%
What Song is Sally Listening To While Vacha and Janet Engage in a Shootout? Fight Song
19%
Who Always Wears "Creepy Hockey Mask?" Vacha
19%
What is Ryan Madison's Real Name? Richard Krempf
15%
What is NoHo's Favorite Dessert? Babka
14%
What Self-Book Does Cristobal Recommend to Goran? The Four Agreements
14%
What Does Gene Cousineau Drive? Escalade
8%
No matching quizzes found
Score Distribution
Percent of People with Each Score
Percentile by Number Answered
Your Score History
You have not taken this quiz